| 000 | 00358nam a2200145Ia 4500 | ||
|---|---|---|---|
| 008 | 150201s1985 xx 000 0 und d | ||
| 082 |
_a615.695 _bC1985L |
||
| 100 | _aLEE, K.W. | ||
| 245 | 2 | _aA COLOUR ATLAS OF ORAL PATHOLOGY | |
| 250 | _a1ST | ||
| 260 |
_bWOLFE PUBLICATION _aLONDON _c1985 |
||
| 300 | _a1-148 | ||
| 650 | _aORAL PATHOLOGY | ||
| 942 |
_2ddc _cBK |
||
| 999 |
_c2865 _d2865 |
||